00765nam a2200193Ia 4500003000900000008004100009020001800050040001600068080001500084111008700099245018700186260004200373300001600415650004100431650002300472650002300495700002700518700002600545IN-BaIIA211028s9999 xx 000 0 eng d a90-277-0871-1 cIIA Library a52-76bINF aNATO Advanced Study institute on infrared AstronomycErice, Sicilyd1977 July 9-20 0aInfrared Astronomybproceedings of the NATO Advanced Study Institute on Infrared Astronomy, held in Erice, Sicily, 9–20 July, 1977cedited by Giancarlo Setti and Giovanni G. Fazio. aDordrechtbD. Reidel Publishingc1978 aviii, 353p. aAstronomy and Astrophysics thesaurus aInfrared Astronomy aInfrared radiation aFazio, Giovanni G.,ed. aSetti, Giancarlo.,ed.